| 000 | 00769nam a2200301 a 4500 | ||
|---|---|---|---|
| 003 | AR-BaBNM | ||
| 005 | 20251128204847.0 | ||
| 008 | 082120s2002 ||||||||||||||000 | spa|| | ||
| 020 | _a968-16-3238-9 | ||
| 040 | _cAR-BaBNM | ||
| 100 | 1 | _aSand, George | |
| 245 | 0 | 0 |
_aSand y Musset _bcartas de amor |
| 250 | _a1ª ed. | ||
| 260 |
_aMéxico, D.F. _bFondo de Cultura Económica _c1989 |
||
| 300 | _a185 p. | ||
| 490 | 0 |
_aCuadernos de La Gaceta _vv. 62 |
|
| 650 | 4 | _aLITERATURA FRANCESA | |
| 650 | 4 | _aSIGLO DIECINUEVE | |
| 650 | 4 | _aPOESIA | |
| 650 | 4 | _aVIDA LITERARIA | |
| 650 | 4 | _aOBRAS LITERARIAS | |
| 653 | _aGENERO EPISTOLAR | ||
| 655 | _aLITERATURA | ||
| 700 | 1 | _aMusset, Alfred de | |
| 700 | 1 | _aSagan, Françoise | |
| 942 | _cBK | ||
| 998 | _cisola | ||
| 999 |
_c9079 _d9079 |
||